Biggest Cities in the Pittsburgh area - Statistics

General Stats
  • This quiz has been taken 30 times
  • The average score is 4 of 15
Answer Stats
Hint Answer % Correct
300,430 Pittsburgh
77%
28,720 Monroeville
50%
33,110 Bethel Park
41%
14,350 Wilkinsburg
36%
17,490 McKeesport
32%
26,880 Plum
32%
19,740 Upper St. Clair
32%
19,590 West Mifflin
23%
15,064 Whitehall
23%
22,030 Baldwin
18%
13,400 South Park Twp
18%
15,320 Franklin Park
14%
14,940 Greensburg
14%
20,830 Murrysville
14%
23,160 Allison Park
9%
No matching quizzes found
Score Distribution
Percent of People with Each Score
Percentile by Number Answered
Your Score History
You have not taken this quiz